|
|
|
|
| LEADER |
00909nam a2200265 a 4500 |
| 001 |
5778 |
| 003 |
BD-DhAAL |
| 005 |
20150415143152.0 |
| 008 |
150415s1993 wiua b 001 0 eng |
| 010 |
|
|
|a 92081288
|
| 020 |
|
|
|a 0697126439
|
| 040 |
|
|
|a DLC
|c DLC
|d DLC
|d BD-DhAAL
|
| 050 |
0 |
0 |
|a BF295
|b .M36 1993
|
| 082 |
0 |
0 |
|a 152.3/34
|2 20
|
| 100 |
1 |
|
|a Magill, Richard A.
|9 10405
|
| 245 |
1 |
0 |
|a Motor learning :
|b concepts and applications /
|c Richard A. Migill.
|
| 250 |
|
|
|a 4th ed.
|
| 260 |
|
|
|a Madison, Wis. :
|b Brown & Benchmark,
|c c1993.
|
| 300 |
|
|
|a xiv, 465 p. :
|b ill ;
|c 24 cm.
|
| 504 |
|
|
|a Includes bibliographical references (p. 424-444) and indexes.
|
| 541 |
|
|
|e 5778
|
| 650 |
|
0 |
|a Motor learning
|v Textbooks.
|9 10406
|
| 942 |
|
|
|2 ddc
|c BK
|
| 999 |
|
|
|c 34234
|d 34234
|
| 952 |
|
|
|0 0
|1 0
|2 ddc
|4 0
|6 152_334000000000000_MAG
|7 0
|9 53451
|a SCL
|b SCL
|c GEN
|d 2015-04-15
|l 0
|o 152.334 MAG
|p 3020005778
|r 2015-04-15
|t 1
|w 2015-04-15
|y BK
|